00523nam a2200169Ia 450000500170000000800410001702000150005808200130007310000150008624500500010126000490015130000160020065000210021694200060023795200950024399900150033820240606010954.0240331s9999 xx 000 0 und d a9559102796 bFERa350 aFernando,L 0aPolice - Civil Relations for Good Governance  aColombobThe Social Scientists' Association  aiii,166 p., aGood Governance  cL 001040708LaWERCLbWERCLcSSCd2024-03-31l0o 350 FERp6660r2024-03-31w2024-03-31yL c5677d5677